00608pab a2200181 454500008004000000100001900040245006000059260000900119300001500128362000800143650004500151650003600196773006700232908000600299909001000305999001700315952009400332180718b2010 xxu||||| |||| 00| 0 eng d aGatune, Julius aAfrica's development beyond aid: getting out of the box c2010 ap.103-120. aNov aEconomic and social development - africa aEconomic and social development aAnnals of the American Academy of Political and Social Science aN a90003 c90003d90003 00104070aIIPAbIIPAd2018-07-19hVolume no: 632, pAR90463r2018-07-19w2018-07-19yAR